000 02986cam a2200505 i 4500
999 _c4088
_d4088
001 ocn824119988
003 OCoLC
005 20200522131030.0
008 130108s2013 enkab b 001 0 eng
010 _a 2013000787
015 _aGBB351689
_2bnb
016 7 _a016418960
_2Uk
020 _a9781107010789
_q(hbk.)
020 _a1107010780
_q(hbk.)
029 1 _aAU@
_b000050387879
029 1 _aCHBIS
_b009770258
029 1 _aCHSLU
_b001124171
029 1 _aCHVBK
_b305036327
029 1 _aCHVBK
_b305286730
035 _a(OCoLC)824119988
040 _aDLC
_beng
_erda
_cTZ-ArACH
042 _apcc
049 _aTZAA
050 0 0 _aKZ7379
_b.N68
082 0 0 _a341/.04
_223
100 1 _aNouwen, Sarah M. H.
_eauthor.
245 1 0 _aComplementarity in the line of fire : the catalysing effect of the international criminal court in Uganda and Sudan
_bthe catalysing effect of the international criminal court in Uganda and Sudan /
_cSarah M.H. Nouwen.
260 _aCambridge, United Kingdom :
_bCambridge University Press,
_c2013.
300 _axx, 505 pages :
_billustrations, map ;
_c24 cm.
490 1 _aCambridge studies in law and society
504 _aIncludes bibliographical references (pages 415-465) and index.
505 0 _aComplementarity from the line of fire -- The Rome Statute : complementarity in its legal context -- Uganda : compromising complementarity -- Sudan : complementarity in a state of denial -- Paradoxes unravelled : explanations for complementarity's weak catalysing effect on domestic proceedings -- Complementarity in the line of fire.
520 _a"Of the many expectations attending the creation of the first permanent International Criminal Court, the greatest has been that the principle of complementarity would catalyse national investigations and prosecutions of conflict-related crimes and lead to the reform of domestic justice systems. Sarah Nouwen explores whether complementarity has had such an effect in two states subject to ICC intervention: Uganda and Sudan. Drawing on extensive empirical research and combining law, legal anthropology and political economy, she unveils several effects and outlines the catalysts for them. However, she also reveals that one widely anticipated effect - an increase in domestic proceedings for conflict-related crimes - has barely occurred. This finding leads to the unravelling of paradoxes that go right to the heart of the functioning of an idealistic Court in a world of real constraints"--
520 _a"This book follows as LAW"--
610 2 0 _aInternational Criminal Court.
610 2 7 _aInternational Criminal Court.
_2fast
610 2 7 _aInternationaler Strafgerichtshof.
_2gnd
650 0 _aComplementarity (International law)
650 7 _aLAW
_xInternational.
_2bisacsh
650 7 _aComplementarity (International law)
_2fast
651 7 _aUganda.
_2gnd
651 7 _aSudan.
_2gnd
830 0 _aCambridge studies in law and society.
942 _2lcc
_cBOOK